Financial risk management <a> practitioner's guide to managing market and credit risk

Salvato in:
Dettagli Bibliografici
Autore principale: Allen, Steven
Natura: Libro
Lingua:inglese
Pubblicazione: Hoboken John Wiley & Sons 2013
Edizione:2nd ed.
Serie:Wiley finance
Soggetti:
Tags: Aggiungi Tag
Nessun Tag, puoi essere il primo ad aggiungerne!!

MARC

LEADER 00000nam a2200000 4500
001 0235104
005 20240306140258.9
020 |a 978-1-118-17545-3 
041 0 |a eng 
044 |a US 
245 1 0 |a Financial risk management  |b <a> practitioner's guide to managing market and credit risk  |c Steven Allen 
250 |a 2nd ed. 
264 1 |a Hoboken  |b John Wiley & Sons  |c 2013 
300 |a xxvii, 579 s. 
490 1 |a Wiley finance 
830 0 |a Wiley finance 
610 2 0 |a riadenie finančné 
610 2 0 |a riadenie rizík 
610 2 0 |a riziko finančné 
610 2 0 |a riziko úverové 
100 1 |a Allen, Steven